000 01523nam a2200349Ia 4500
008 220216s9999 xx 000 0 und d
100 _aMydinK K
245 0 _aClonal nursery evaluation for shortening the breeding cycle in Hevea brasiliensis
260 _bNatural Rubber Research
_c2004
300 _a60-66
520 _aTwenty two hybrid clones of rubber (Hevea brasiliensis Muell. Arg) evolved at the Rubber Research Institute of India were evaluated for growth and dry rubber yield in a clonal nursery and in the main field in small-scale trials. Clones with good yield and stable performance in the nursery were selected by a rank-sum method. Juvenile-mature correlations were worked out in an attempt to study the prospects of reducing the time span of clonal selection. Significant positive correlation between juvenile yield in the clonal nursery and initial yield at maturity suggested scope for preliminary evaluation of clones in a nursery.
650 _aClonal nursery
650 _aClonal nursery
650 _aEarly selection
650 _aEarly selection
650 _aGirth
650 _aGirth
650 _aHevea brasiliensis
650 _aHevea brasiliensis
650 _aJuvenile-mature correlations
650 _aJuvenile-mature correlations
650 _aRank-sum
650 _aRank-sum
650 _aYield
650 _aYield
700 _aJohn A
700 _aLicy J
700 _aNair R B
700 _aSaraswathyamma C K
700 _aVarghese Y A
942 _cAR
999 _c47202
_d47202